[Event "ODJM A 2025"]
[Site "Willingen GER"]
[Date "2025.06.09"]
[Round "3"]
[White "Mimkes, Antal"]
[Black "Weidenhöfer, Max"]
[Result "1-0"]
[Termination "normal"]
[Board "3"]
[BlackTitle "CM"]
[WhiteElo "2074"]
[BlackElo "2170"]
[WhiteClock "00:10:41"]
[BlackClock "00:01:19"]
[PlyCount "59"]
[WhiteFideId "16265963"]
[BlackFideId "16230566"]
[EventCountry "GER"]
[EventRounds "9"]
[EventType "swiss"]
[EventDate "2025.06.07"]

1. e4 {[%clk 01:30:53]} {[%emt 00:00:06]} c6 {[%clk 01:30:55]} {[%emt
00:00:06]} 2. d4 {[%clk 01:31:04]} {[%emt 00:00:18]} d5 {[%clk 01:31:02]}
{[%emt 00:00:22]} 3. Bd3 {[%clk 01:31:14]} {[%emt 00:00:21]} dxe4 {[%clk
01:29:37]} {[%emt 00:01:54]} 4. Bxe4 {[%clk 01:31:27]} {[%emt 00:00:18]} Nf6
{[%clk 01:29:28]} {[%emt 00:00:38]} 5. Bf3 {[%clk 01:31:25]} {[%emt 00:00:32]}
Bf5 {[%clk 01:25:57]} {[%emt 00:04:01]} 6. g4 {[%clk 01:27:26]} {[%emt
00:04:29]} Bg6 {[%clk 01:17:22]} {[%emt 00:09:05]} 7. h4 {[%clk 01:26:40]}
{[%emt 00:01:16]} h6 {[%clk 01:16:38]} {[%emt 00:01:13]} 8. Nh3 {[%clk
01:26:57]} {[%emt 00:00:13]} e6 {[%clk 01:08:08]} {[%emt 00:09:01]} 9. Nf4
{[%clk 01:23:25]} {[%emt 00:04:03]} Be4 {[%clk 00:58:49]} {[%emt 00:09:48]} 10.
Nc3 {[%clk 01:22:29]} {[%emt 00:01:26]} Bb4 {[%clk 00:50:37]} {[%emt 00:08:43]}
11. O-O {[%clk 01:18:57]} {[%emt 00:04:02]} Bxf3 {[%clk 00:41:45]} {[%emt
00:09:21]} 12. Qxf3 {[%clk 01:19:04]} {[%emt 00:00:23]} Nd5 {[%clk 00:41:38]}
{[%emt 00:00:37]} 13. Nh5 {[%clk 00:56:45]} {[%emt 00:22:49]} O-O {[%clk
00:33:58]} {[%emt 00:08:11]} 14. g5 {[%clk 00:47:33]} {[%emt 00:09:41]} hxg5
{[%clk 00:32:52]} {[%emt 00:01:36]} 15. hxg5 {[%clk 00:45:51]} {[%emt
00:02:12]} Nd7 {[%clk 00:27:14]} {[%emt 00:06:08]} 16. Nxd5 {[%clk 00:35:38]}
{[%emt 00:10:43]} cxd5 {[%clk 00:26:57]} {[%emt 00:00:47]} 17. Kg2 {[%clk
00:31:29]} {[%emt 00:04:38]} Be7 {[%clk 00:15:10]} {[%emt 00:12:17]} 18. Rh1
{[%clk 00:25:29]} {[%emt 00:06:31]} f5 {[%clk 00:03:54]} {[%emt 00:11:46]} 19.
g6 {[%clk 00:20:44]} {[%emt 00:05:14]} Qe8 {[%clk 00:04:15]} {[%emt 00:00:10]}
20. Qg3 {[%clk 00:16:27]} {[%emt 00:04:47]} Rf6 {[%clk 00:01:07]} {[%emt
00:03:37]} 21. Nxf6+ {[%clk 00:15:15]} {[%emt 00:01:42]} Bxf6 {[%clk 00:01:04]}
{[%emt 00:00:34]} 22. Bf4 {[%clk 00:13:43]} {[%emt 00:02:02]} Nf8 {[%clk
00:01:26]} {[%emt 00:00:08]} 23. Be5 {[%clk 00:12:15]} {[%emt 00:01:57]} Bxe5
{[%clk 00:01:47]} {[%emt 00:00:10]} 24. dxe5 {[%clk 00:10:55]} {[%emt
00:01:50]} Nxg6 {[%clk 00:02:15]} {[%emt 00:00:02]} 25. Rag1 {[%clk 00:10:03]}
{[%emt 00:01:22]} Nf8 {[%clk 00:00:44]} {[%emt 00:02:01]} 26. Kf3 {[%clk
00:09:31]} {[%emt 00:01:01]} g6 {[%clk 00:00:31]} {[%emt 00:00:43]} 27. Qh4
{[%clk 00:09:47]} {[%emt 00:00:14]} Rc8 {[%clk 00:00:32]} {[%emt 00:00:29]} 28.
Qh8+ {[%clk 00:10:12]} {[%emt 00:00:05]} Kf7 {[%clk 00:01:01]} {[%emt
00:00:01]} 29. Qf6+ {[%clk 00:10:41]} {[%emt 00:00:03]} Kg8 {[%clk 00:01:19]}
{[%emt 00:00:11]} 30. Rh8# {[%emt 00:00:03]} 1-0

[Event "ODJM A 2025"]
[Site "Willingen GER"]
[Date "2025.06.09"]
[Round "3"]
[White "Kliashtornyi, Arkadii"]
[Black "Mimkes, Pavel"]
[Result "1-0"]
[Termination "normal"]
[Board "4"]
[WhiteElo "2194"]
[BlackElo "2064"]
[WhiteClock "00:09:37"]
[BlackClock "00:07:41"]
[PlyCount "61"]
[WhiteFideId "34119698"]
[BlackFideId "12990833"]
[EventCountry "GER"]
[EventRounds "9"]
[EventType "swiss"]
[EventDate "2025.06.07"]

1. d4 {[%clk 01:30:57]} {[%emt 00:00:03]} Nf6 {[%clk 01:30:55]} {[%emt
00:00:08]} 2. c4 {[%clk 01:31:12]} {[%emt 00:00:10]} b6 {[%clk 01:31:20]}
{[%emt 00:00:06]} 3. Nf3 {[%clk 01:30:59]} {[%emt 00:00:42]} Bb7 {[%clk
01:31:45]} {[%emt 00:00:05]} 4. Nc3 {[%clk 01:28:58]} {[%emt 00:02:31]} e6
{[%clk 01:32:07]} {[%emt 00:00:08]} 5. Bf4 {[%clk 01:27:44]} {[%emt 00:01:43]}
Bb4 {[%clk 01:24:02]} {[%emt 00:08:36]} 6. e3 {[%clk 01:22:37]} {[%emt
00:05:38]} O-O {[%clk 01:23:32]} {[%emt 00:01:00]} 7. Bd3 {[%clk 01:20:54]}
{[%emt 00:02:12]} d5 {[%clk 01:23:33]} {[%emt 00:00:29]} 8. O-O {[%clk
01:14:38]} {[%emt 00:06:46]} Nbd7 {[%clk 01:17:56]} {[%emt 00:06:07]} 9. Nb5
{[%clk 01:03:30]} {[%emt 00:11:38]} Ne8 {[%clk 01:14:18]} {[%emt 00:04:07]} 10.
Qc2 {[%clk 00:50:19]} {[%emt 00:13:42]} Ndf6 {[%clk 00:53:32]} {[%emt
00:21:16]} 11. cxd5 {[%clk 00:46:59]} {[%emt 00:03:51]} Nxd5 {[%clk 00:37:57]}
{[%emt 00:16:05]} 12. Bxh7+ {[%clk 00:41:22]} {[%emt 00:06:07]} Kh8 {[%clk
00:37:52]} {[%emt 00:00:34]} 13. Bg5 {[%clk 00:35:03]} {[%emt 00:06:49]} Be7
{[%clk 00:35:56]} {[%emt 00:02:27]} 14. Bxe7 {[%clk 00:31:27]} {[%emt
00:04:06]} Qxe7 {[%clk 00:36:18]} {[%emt 00:00:07]} 15. Ne5 {[%clk 00:28:10]}
{[%emt 00:03:46]} Qg5 {[%clk 00:33:41]} {[%emt 00:03:07]} 16. Be4 {[%clk
00:20:10]} {[%emt 00:08:30]} Nxe3 {[%clk 00:29:19]} {[%emt 00:04:53]} 17. fxe3
{[%clk 00:19:14]} {[%emt 00:01:27]} Qxe3+ {[%clk 00:26:36]} {[%emt 00:03:12]}
18. Qf2 {[%clk 00:19:09]} {[%emt 00:00:35]} Qxf2+ {[%clk 00:23:31]} {[%emt
00:03:36]} 19. Rxf2 {[%clk 00:19:38]} {[%emt 00:00:01]} Bxe4 {[%clk 00:23:49]}
{[%emt 00:00:11]} 20. Nd7 {[%clk 00:16:18]} {[%emt 00:03:51]} Rg8 {[%clk
00:14:45]} {[%emt 00:09:34]} 21. Rxf7 {[%clk 00:16:38]} {[%emt 00:00:10]} Bc6
{[%clk 00:13:51]} {[%emt 00:01:25]} 22. Rc1 {[%clk 00:13:27]} {[%emt 00:03:40]}
Bxd7 {[%clk 00:09:58]} {[%emt 00:04:23]} 23. Rxd7 {[%clk 00:13:55]} {[%emt
00:00:02]} a6 {[%clk 00:10:06]} {[%emt 00:00:22]} 24. Nxc7 {[%clk 00:12:43]}
{[%emt 00:01:42]} Ra7 {[%clk 00:10:14]} {[%emt 00:00:21]} 25. Rc3 {[%clk
00:10:48]} {[%emt 00:02:25]} Rf8 {[%clk 00:10:33]} {[%emt 00:00:12]} 26. Rd8
{[%clk 00:10:27]} {[%emt 00:00:50]} Kh7 {[%clk 00:08:29]} {[%emt 00:02:34]} 27.
Rxe8 {[%clk 00:10:12]} {[%emt 00:00:45]} Rf6 {[%clk 00:07:57]} {[%emt
00:01:02]} 28. Rxe6 {[%clk 00:10:06]} {[%emt 00:00:36]} Rf8 {[%clk 00:07:31]}
{[%emt 00:00:57]} 29. d5 {[%clk 00:10:08]} {[%emt 00:00:27]} b5 {[%clk
00:07:17]} {[%emt 00:00:44]} 30. d6 {[%clk 00:09:27]} {[%emt 00:01:11]} b4
{[%clk 00:07:41]} {[%emt 00:00:06]} 31. Rc4 {[%clk 00:09:37]} {[%emt 00:00:20]}
1-0

[Event "ODJM A 2025"]
[Site "Willingen GER"]
[Date "2025.06.09"]
[Round "3"]
[White "Vortmeier, Jan"]
[Black "Tulchynsky, David"]
[Result "1-0"]
[Termination "normal"]
[Board "5"]
[WhiteElo "2039"]
[BlackElo "2009"]
[WhiteClock "00:16:56"]
[BlackClock "00:02:43"]
[PlyCount "113"]
[WhiteFideId "16261321"]
[BlackFideId "16289560"]
[EventCountry "GER"]
[EventRounds "9"]
[EventType "swiss"]
[EventDate "2025.06.07"]

1. c4 {[%clk 01:30:58]} Nf6 {[%clk 01:29:38]} {[%emt 00:01:22]} 2. g3 {[%clk
01:31:20]} {[%emt 00:00:07]} d6 {[%clk 01:29:53]} {[%emt 00:00:15]} 3. d4
{[%clk 01:31:18]} {[%emt 00:00:32]} Nbd7 {[%clk 01:30:04]} {[%emt 00:00:19]} 4.
Nf3 {[%clk 01:30:19]} {[%emt 00:01:29]} e5 {[%clk 01:30:24]} {[%emt 00:00:11]}
5. Bg2 {[%clk 01:29:41]} {[%emt 00:01:08]} g6 {[%clk 01:30:34]} {[%emt
00:00:20]} 6. Nc3 {[%clk 01:29:40]} {[%emt 00:00:31]} Bg7 {[%clk 01:30:56]}
{[%emt 00:00:08]} 7. O-O {[%clk 01:29:41]} {[%emt 00:00:29]} O-O {[%clk
01:31:12]} {[%emt 00:00:14]} 8. h3 {[%clk 01:29:02]} {[%emt 00:01:09]} a5
{[%clk 01:31:03]} {[%emt 00:00:39]} 9. e4 {[%clk 01:28:57]} {[%emt 00:00:35]}
exd4 {[%clk 01:31:19]} {[%emt 00:00:14]} 10. Nxd4 {[%clk 01:29:21]} {[%emt
00:00:06]} Nc5 {[%clk 01:31:24]} {[%emt 00:00:25]} 11. Ndb5 {[%clk 01:29:21]}
{[%emt 00:00:30]} Re8 {[%clk 01:31:31]} {[%emt 00:00:22]} 12. Re1 {[%clk
01:27:58]} {[%emt 00:01:53]} Bd7 {[%clk 01:25:06]} {[%emt 00:06:55]} 13. Qc2
{[%clk 01:15:51]} {[%emt 00:12:37]} Be6 {[%clk 01:01:00]} {[%emt 00:24:36]} 14.
Na3 {[%clk 01:04:04]} {[%emt 00:12:18]} c6 {[%clk 00:56:11]} {[%emt 00:05:18]}
15. Be3 {[%clk 01:02:33]} {[%emt 00:02:00]} Qc7 {[%clk 00:53:12]} {[%emt
00:03:30]} 16. Rad1 {[%clk 01:01:21]} {[%emt 00:01:42]} Rad8 {[%clk 00:53:15]}
{[%emt 00:00:27]} 17. Rd2 {[%clk 00:45:11]} {[%emt 00:16:41]} Bc8 {[%clk
00:40:23]} {[%emt 00:13:22]} 18. f4 {[%clk 00:35:59]} {[%emt 00:09:41]} Nfd7
{[%clk 00:34:47]} {[%emt 00:06:06]} 19. Bf2 {[%clk 00:31:48]} {[%emt 00:04:41]}
Nb6 {[%clk 00:34:15]} {[%emt 00:01:02]} 20. Red1 {[%clk 00:26:28]} {[%emt
00:05:49]} Na6 {[%clk 00:33:34]} {[%emt 00:01:12]} 21. Qd3 {[%clk 00:22:35]}
{[%emt 00:04:22]} Nb4 {[%clk 00:33:36]} {[%emt 00:00:29]} 22. Qe3 {[%clk
00:22:49]} {[%emt 00:00:16]} Na8 {[%clk 00:27:36]} {[%emt 00:06:30]} 23. Qa7
{[%clk 00:17:59]} {[%emt 00:05:20]} Be6 {[%clk 00:26:02]} {[%emt 00:02:03]} 24.
Na4 {[%clk 00:16:52]} {[%emt 00:01:38]} Nxa2 {[%clk 00:20:59]} {[%emt
00:05:34]} 25. Nb6 {[%clk 00:14:42]} {[%emt 00:02:39]} Nb4 {[%clk 00:20:38]}
{[%emt 00:00:52]} 26. c5 {[%clk 00:13:40]} {[%emt 00:01:31]} Nxb6 {[%clk
00:13:37]} {[%emt 00:07:32]} 27. cxb6 {[%clk 00:11:26]} {[%emt 00:02:44]} Qe7
{[%clk 00:13:45]} {[%emt 00:00:20]} 28. Qxa5 {[%clk 00:11:38]} {[%emt
00:00:20]} Na6 {[%clk 00:11:30]} {[%emt 00:02:45]} 29. Bd4 {[%clk 00:06:00]}
{[%emt 00:06:08]} Bxd4+ {[%clk 00:10:53]} {[%emt 00:01:06]} 30. Rxd4 {[%clk
00:06:25]} {[%emt 00:00:05]} Bb3 {[%clk 00:10:36]} {[%emt 00:00:48]} 31. R1d2
{[%clk 00:05:59]} {[%emt 00:00:57]} Nc5 {[%clk 00:08:12]} {[%emt 00:02:53]} 32.
Qb4 {[%clk 00:04:20]} {[%emt 00:02:09]} Be6 {[%clk 00:07:33]} {[%emt 00:01:09]}
33. Nc4 {[%clk 00:03:17]} {[%emt 00:01:32]} Bxc4 {[%clk 00:03:54]} {[%emt
00:04:09]} 34. Qxc4 {[%clk 00:03:37]} {[%emt 00:00:11]} Qe6 {[%clk 00:04:09]}
{[%emt 00:00:16]} 35. Qxe6 {[%clk 00:03:11]} {[%emt 00:00:55]} Rxe6 {[%clk
00:04:30]} {[%emt 00:00:08]} 36. Rc2 {[%clk 00:02:29]} {[%emt 00:01:13]} Ra8
{[%clk 00:04:30]} {[%emt 00:00:32]} 37. b4 {[%clk 00:01:59]} {[%emt 00:00:58]}
Ra1+ {[%clk 00:04:28]} {[%emt 00:00:33]} 38. Kf2 {[%clk 00:02:11]} {[%emt
00:00:17]} Na4 {[%clk 00:04:24]} {[%emt 00:00:35]} 39. Rcd2 {[%clk 00:00:33]}
{[%emt 00:02:07]} Nxb6 {[%clk 00:01:02]} {[%emt 00:03:52]} 40. Rxd6 {[%clk
00:00:50]} {[%emt 00:00:12]} Rxd6 {[%clk 00:01:29]} {[%emt 00:00:04]} 41. Rxd6
{[%clk 00:01:10]} {[%emt 00:00:09]} Rb1 {[%clk 00:01:51]} {[%emt 00:00:07]} 42.
Rd4 {[%clk 00:01:28]} {[%emt 00:00:13]} Rb2+ {[%clk 00:29:46]} {[%emt
00:02:35]} 43. Kf3 {[%clk 00:31:32]} {[%emt 00:00:25]} Na4 {[%clk 00:29:16]}
{[%emt 00:01:01]} 44. e5 {[%clk 00:28:02]} {[%emt 00:03:59]} Nc3 {[%clk
00:28:46]} {[%emt 00:00:59]} 45. Rd8+ {[%clk 00:26:37]} {[%emt 00:01:56]} Kg7
{[%clk 00:29:10]} {[%emt 00:00:07]} 46. Rd7 {[%clk 00:26:34]} {[%emt 00:00:31]}
Rxb4 {[%clk 00:21:21]} {[%emt 00:08:20]} 47. e6 {[%clk 00:26:57]} {[%emt
00:00:06]} Kf8 {[%clk 00:11:05]} {[%emt 00:10:47]} 48. Rxf7+ {[%clk 00:27:15]}
{[%emt 00:00:12]} Kg8 {[%clk 00:11:33]} {[%emt 00:00:03]} 49. Kg4 {[%clk
00:24:32]} {[%emt 00:03:12]} Ne4 {[%clk 00:07:18]} {[%emt 00:04:46]} 50. Bxe4
{[%clk 00:24:20]} {[%emt 00:00:42]} Rxe4 {[%clk 00:07:43]} {[%emt 00:00:05]}
51. Rxb7 {[%clk 00:23:59]} {[%emt 00:00:49]} Rxe6 {[%clk 00:07:57]} {[%emt
00:00:17]} 52. Kg5 {[%clk 00:20:30]} {[%emt 00:03:59]} Rd6 {[%clk 00:07:37]}
{[%emt 00:00:49]} 53. g4 {[%clk 00:18:58]} {[%emt 00:02:03]} Rd5+ {[%clk
00:04:12]} {[%emt 00:03:56]} 54. Kh6 {[%clk 00:18:14]} {[%emt 00:01:12]} Rd3
{[%clk 00:03:40]} {[%emt 00:01:03]} 55. Rg7+ {[%clk 00:16:51]} {[%emt
00:01:53]} Kf8 {[%clk 00:04:04]} {[%emt 00:00:07]} 56. Rxh7 {[%clk 00:16:33]}
{[%emt 00:00:47]} Rxh3+ {[%clk 00:02:43]} {[%emt 00:01:51]} 57. Kxg6 {[%clk
00:16:56]} {[%emt 00:00:07]} 1-0

[Event "ODJM A 2025"]
[Site "Willingen GER"]
[Date "2025.06.09"]
[Round "3"]
[White "Brau, Luca"]
[Black "Hofmann, Lorenz"]
[Result "0-1"]
[Termination "normal"]
[Board "6"]
[WhiteElo "1911"]
[BlackElo "2104"]
[WhiteClock "00:00:31"]
[BlackClock "00:10:09"]
[PlyCount "67"]
[WhiteFideId "34680756"]
[BlackFideId "12995509"]
[EventCountry "GER"]
[EventRounds "9"]
[EventType "swiss"]
[EventDate "2025.06.07"]

1. d4 {[%clk 01:30:55]} {[%emt 00:00:04]} Nf6 {[%clk 01:30:57]} {[%emt
00:00:07]} 2. c4 {[%clk 01:31:09]} {[%emt 00:00:10]} e6 {[%clk 01:31:24]}
{[%emt 00:00:05]} 3. Nc3 {[%clk 01:30:47]} {[%emt 00:00:50]} Bb4 {[%clk
01:31:44]} {[%emt 00:00:12]} 4. f3 {[%clk 01:29:15]} {[%emt 00:02:01]} d5
{[%clk 01:29:56]} {[%emt 00:02:17]} 5. a3 {[%clk 01:27:44]} {[%emt 00:02:02]}
Bxc3+ {[%clk 01:27:27]} {[%emt 00:03:00]} 6. bxc3 {[%clk 01:27:56]} {[%emt
00:00:16]} dxc4 {[%clk 01:24:05]} {[%emt 00:03:54]} 7. e4 {[%clk 01:24:14]}
{[%emt 00:04:11]} b5 {[%clk 01:20:27]} {[%emt 00:04:08]} 8. a4 {[%clk
01:14:33]} {[%emt 00:10:11]} c6 {[%clk 01:20:53]} {[%emt 00:00:04]} 9. Ba3
{[%clk 01:12:24]} {[%emt 00:02:39]} Nbd7 {[%clk 01:14:30]} {[%emt 00:06:53]}
10. Ne2 {[%clk 01:06:28]} {[%emt 00:06:25]} a5 {[%clk 01:05:59]} {[%emt
00:09:02]} 11. Ng3 {[%clk 01:00:58]} {[%emt 00:06:00]} Ba6 {[%clk 00:59:51]}
{[%emt 00:06:38]} 12. Qd2 {[%clk 00:50:07]} {[%emt 00:11:21]} Ng8 {[%clk
00:46:11]} {[%emt 00:14:10]} 13. O-O-O {[%clk 00:27:05]} {[%emt 00:23:31]} Ne7
{[%clk 00:37:53]} {[%emt 00:08:49]} 14. d5 {[%clk 00:18:34]} {[%emt 00:09:01]}
Nb6 {[%clk 00:30:15]} {[%emt 00:08:09]} 15. axb5 {[%clk 00:13:24]} {[%emt
00:05:39]} cxb5 {[%clk 00:29:17]} {[%emt 00:01:28]} 16. Nh5 {[%clk 00:11:57]}
{[%emt 00:01:55]} Rg8 {[%clk 00:19:46]} {[%emt 00:10:03]} 17. Qd4 {[%clk
00:11:29]} {[%emt 00:00:55]} f6 {[%clk 00:18:57]} 18. Nxg7+ {[%clk 00:07:38]}
{[%emt 00:05:42]} Rxg7 19. Qxf6 {[%clk 00:08:01]} Rg6 {[%clk 00:14:26]} {[%emt
00:04:30]} 20. Qh8+ {[%clk 00:07:53]} {[%emt 00:00:38]} Ng8 {[%clk 00:14:45]}
{[%emt 00:00:11]} 21. dxe6 {[%clk 00:04:23]} {[%emt 00:04:00]} Qf6 {[%clk
00:13:09]} {[%emt 00:02:07]} 22. Qxh7 {[%clk 00:03:21]} {[%emt 00:01:32]} Qxc3+
{[%clk 00:13:21]} {[%emt 00:00:18]} 23. Kb1 {[%emt 00:00:16]} Qb3+ {[%emt
00:00:40]} 24. Kc1 {[%clk 00:02:30]} {[%emt 00:00:23]} Qxa3+ {[%clk 00:13:49]}
{[%emt 00:00:03]} 25. Kb1 {[%clk 00:01:20]} {[%emt 00:01:41]} Qb3+ {[%clk
00:14:15]} {[%emt 00:00:04]} 26. Kc1 {[%clk 00:01:44]} {[%emt 00:00:06]} Qc3+
{[%clk 00:14:41]} {[%emt 00:00:04]} 27. Kb1 {[%clk 00:02:12]} {[%emt 00:00:02]}
Qg7 {[%clk 00:14:59]} {[%emt 00:00:11]} 28. Qh5 {[%clk 00:01:59]} {[%emt
00:00:40]} Na4 {[%clk 00:10:22]} {[%emt 00:05:10]} 29. Rd2 {[%clk 00:02:12]}
{[%emt 00:00:18]} Qh6 {[%clk 00:10:27]} {[%emt 00:00:24]} 30. Qf5 {[%clk
00:01:22]} {[%emt 00:01:20]} Rf6 {[%clk 00:10:12]} {[%emt 00:00:46]} 31. Qg4
{[%clk 00:00:50]} {[%emt 00:01:01]} Qxd2 {[%clk 00:09:18]} {[%emt 00:01:26]}
32. Qxg8+ {[%clk 00:01:13]} {[%emt 00:00:06]} Ke7 {[%clk 00:09:44]} {[%emt
00:00:04]} 33. Qg7+ {[%clk 00:00:31]} {[%emt 00:01:10]} Kxe6 {[%clk 00:10:09]}
{[%emt 00:00:06]} 34. Qg4+ {[%clk 00:00:31]} {[%emt 00:00:29]} 0-1

[Event "ODJM A 2025"]
[Site "Willingen GER"]
[Date "2025.06.09"]
[Round "3"]
[White "Weber, Samuel"]
[Black "Zweigait, Leon"]
[Result "1-0"]
[Termination "normal"]
[Board "7"]
[WhiteTitle "FM"]
[WhiteElo "2262"]
[BlackElo "1913"]
[WhiteClock "00:33:25"]
[BlackClock "00:05:19"]
[PlyCount "51"]
[WhiteFideId "12924008"]
[BlackFideId "16201388"]
[EventCountry "GER"]
[EventRounds "9"]
[EventType "swiss"]
[EventDate "2025.06.07"]

1. Nf3 {[%clk 01:30:29]} {[%emt 00:00:28]} Nf6 {[%clk 01:30:46]} {[%emt
00:00:16]} 2. g3 {[%clk 01:30:28]} {[%emt 00:00:30]} b5 {[%clk 01:31:05]}
{[%emt 00:00:12]} 3. Bg2 {[%clk 01:29:08]} {[%emt 00:01:49]} Bb7 {[%clk
01:31:30]} {[%emt 00:00:06]} 4. O-O {[%clk 01:29:31]} {[%emt 00:00:07]} e6
{[%clk 01:31:48]} {[%emt 00:00:12]} 5. d3 {[%clk 01:29:20]} {[%emt 00:00:40]}
c5 {[%clk 01:30:42]} {[%emt 00:01:37]} 6. e4 {[%clk 01:28:51]} {[%emt
00:00:58]} d6 {[%clk 01:28:35]} {[%emt 00:02:38]} 7. a4 {[%clk 01:24:59]}
{[%emt 00:04:22]} b4 {[%clk 01:22:01]} {[%emt 00:07:05]} 8. Nbd2 {[%clk
01:25:22]} {[%emt 00:00:06]} Be7 {[%clk 01:19:15]} {[%emt 00:03:16]} 9. Ng5
{[%clk 01:22:21]} {[%emt 00:03:30]} h6 {[%clk 01:12:35]} {[%emt 00:07:11]} 10.
Nh3 {[%clk 01:20:25]} {[%emt 00:02:26]} O-O {[%clk 01:06:28]} {[%emt 00:06:37]}
11. f4 {[%clk 01:20:42]} {[%emt 00:00:12]} Nbd7 {[%clk 01:06:20]} {[%emt
00:00:39]} 12. Nc4 {[%clk 01:14:08]} {[%emt 00:07:03]} Qc7 {[%clk 01:01:57]}
{[%emt 00:04:53]} 13. f5 {[%clk 01:02:55]} {[%emt 00:11:43]} d5 {[%clk
01:00:27]} {[%emt 00:02:01]} 14. Ne3 {[%clk 01:02:09]} {[%emt 00:01:16]} dxe4
{[%clk 00:58:23]} {[%emt 00:02:34]} 15. fxe6 {[%clk 01:02:30]} {[%emt
00:00:09]} Ne5 {[%clk 00:50:01]} {[%emt 00:08:52]} 16. dxe4 {[%clk 00:59:18]}
{[%emt 00:03:42]} fxe6 {[%clk 00:45:45]} {[%emt 00:04:46]} 17. Nf4 {[%clk
00:53:45]} {[%emt 00:06:02]} Nxe4 {[%clk 00:37:25]} {[%emt 00:08:51]} 18. Nxe6
{[%clk 00:50:22]} {[%emt 00:03:53]} Rxf1+ {[%clk 00:37:41]} {[%emt 00:00:14]}
19. Qxf1 {[%clk 00:47:38]} {[%emt 00:03:13]} Qd7 {[%clk 00:30:43]} {[%emt
00:07:27]} 20. Qf5 {[%clk 00:42:00]} {[%emt 00:06:08]} Re8 {[%clk 00:08:29]}
{[%emt 00:22:45]} 21. Bxe4 {[%clk 00:37:01]} {[%emt 00:05:30]} Bxe4 {[%clk
00:06:56]} {[%emt 00:02:02]} 22. Qxe5 {[%clk 00:37:26]} {[%emt 00:00:06]} Bg5
{[%clk 00:06:48]} {[%emt 00:00:38]} 23. Qxe4 {[%clk 00:35:20]} {[%emt
00:02:37]} Rxe6 {[%clk 00:07:08]} {[%emt 00:00:09]} 24. Qc4 {[%clk 00:33:38]}
{[%emt 00:02:11]} Qd6 {[%clk 00:05:40]} {[%emt 00:01:59]} 25. Nf1 {[%clk
00:33:25]} {[%emt 00:00:42]} Bf6 {[%clk 00:05:19]} {[%emt 00:00:51]} 26. Be3
{[%emt 00:06:40]} 1-0